| 000 | 00313nam a22001097a 4500 | ||
|---|---|---|---|
| 082 | _a658.3 MAN'P | ||
| 100 |
_aPIGORS, PAUL,MYER, CHARLES A,MALM, F. T _958525 |
||
| 245 | _aMANAGEMENT OF HUMAN RESOURCES READINGS IN PERSONAL ADMINISTRATION | ||
| 260 |
_aNEWYORK _bMCGRAW HILL _c1964 |
||
| 300 | _a409P | ||
| 942 | _cBK | ||
| 999 |
_c568711 _d568711 |
||